| 000 | 00000nam 2200000za 4500 |
| 001 | 9.698780 |
| 003 | CaOODSP |
| 005 | 20240527135429 |
| 007 | cr ||||||||||| |
| 008 | 150407s2015 onc|||||o f|0| 0 eng d |
| 020 | |a978-1-100-23137-2 |
| 040 | |aCaOODSP|beng |
| 043 | |an-cn--- |
| 086 | 1 |aCW66-366/2015E-PDF |
| 110 | 2 |aCanadian Wildlife Service. |
| 245 | 10|aWallace Bay National Wildlife Area |h[electronic resource]. |
| 260 | |aOttawa : |bEnvironment Canada. |cc2014. |
| 300 | |a1 p. : |bmap, photographs. |
| 500 | |aIncorrect catalogue number (CW66-366/2014E-PDF) copied in this publication. |
| 530 | |aIssued also in HTML format. |
| 590 | |a15-11|b2015-03-13 |
| 690 | 07|aWildlife management|2gcpds |
| 690 | 07|aConservation areas|2gcpds |
| 775 | 08|tRéserve nationale de faune de Wallace Bay |w(CaOODSP)9.642781 |
| 776 | 0#|tWallace Bay National Wildlife Area |w(CaOODSP)9.674039 |
| 776 | 0#|tRéserve nationale de faune de Wallace Bay |w(CaOODSP)9.674040 |
| 856 | 40|ahttp://publications.gc.ca|qPDF|s564 KB|uhttps://publications.gc.ca/collections/collection_2015/ec/CW66-366-2015-eng.pdf |
| 856 | 40|qHTML|sN/A|uhttps://www.canada.ca/en/environment-climate-change/services/national-wildlife-areas/locations/wallace-bay/pamphlet.html |